Library Banner

Allam Iqbal and the authority to interpret shariah in modern (Record no. 9258)

MARC details
000 -LEADER
fixed length control field 00373nam a2200145Ia 4500
001 - CONTROL NUMBER
control field 7862
008 - FIXED-LENGTH DATA ELEMENTS--GENERAL INFORMATION
fixed length control field 140321s9999 xx 000 0 und d
040 ## - CATALOGING SOURCE
Transcribing agency PK-LaUMT
082 ## - DEWEY DECIMAL CLASSIFICATION NUMBER
Classification number 297
Item number MUH-A
100 ## - MAIN ENTRY--PERSONAL NAME
Personal name Muhammad Yusuf Guraya
245 ## - TITLE STATEMENT
Title Allam Iqbal and the authority to interpret shariah in modern
Statement of responsibility, etc Muhammad Yusuf Guraya
260 ## - PUBLICATION, DISTRIBUTION, ETC. (IMPRINT)
Date of publication, distribution, etc 1991
546 ## - LANGUAGE NOTE
Language note EN
942 ## - ADDED ENTRY ELEMENTS (KOHA)
Koha item type Books
Holdings
Withdrawn status Lost status Damaged status Not for loan Home library Current library Date acquired Total Checkouts Full call number Barcode Date last seen Price effective from Koha item type
        UMT Main Campus UMT Main Campus 2014-03-21   297 MUH-A 8898 2014-03-21 2014-03-21 Books